000 01523nam a22003857a 4500
003 CHAP
005 20220329140857.0
008 971013s r 00010 d
010 _a59119
011 _a60091
035 _a64251
040 _cCHAP
082 _a635.65
_bC46
110 _aCentro Internacional de Agricultura Tropical
_921185
245 _aVivero internacional de rendimiento y adaptación de frijol (Phaseolus vulgaris L.) IBYAN frijol arbustivo
260 _aCali. :
_bInternational Bean Yield and Adaptation Nursey,
_c19 --
300 _av.
500 _aLa biblioteca tiene: 1976, 1977, 1979, 1981, 1980
500 _aTítulo varía
590 _aBATCH-UPD
_b10
_c20130110
_lUCH01
_h0221
590 _aBATCH-UPD
_b10
_c20130110
_lUCH01
_h2100
590 _aBATCH-UPD
_b10
_c20130410
_lUCH01
_h1412
590 _aBATCH-UPD
_b10
_c20130914
_lUCH01
_h1441
590 _aCONVERSION
_b10
_c20130109
_lUCH01
_h1332
650 1 4 _aFrijol
_xEfecto del medio ambiente.
_943365
650 1 4 _aFrijol
_xRendimiento.
_943429
650 1 4 _aViveros hortícolas.
_9120103
901 _aBK
942 _cLIBRO
949 _a635.65 C46
_bBC
_cLIBRO
_d33724000259693
_eLIBRO
_f1979
_h63203
_i64251
_si
949 _a635.65 C46
_bBC
_cLIBRO
_d33724000259701
_eLIBRO
_f1980
_h83876
_i64251
_si
949 _a635.65 C46
_bBC
_cLIBRO
_d33724000259719
_eLIBRO
_f1981
_i64251
_si
949 _a635.65 C46
_bBC
_cLIBRO
_d33724000259768
_eLIBRO
_f1976
_h63201
_i64251
_si
949 _a635.65 C46
_bBC
_cLIBRO
_d33724000259776
_eLIBRO
_f1977
_h63202
_i64251
_si
999 _c59119
_d59119